000 00257nam a2200109Ia 4500
005 20251222114415.0
008 251222s1900||||xx |||||||||||||| ||spa||
082 _aDVD0092/D95/1997
245 0 _aUn Dios violento
264 _bDrimmer, Jhon Bliss
942 _cDVD
999 _c2202
_d2202